书目信息 |
| 题名: |
五公人民的战斗历程
|
|
| 作者: | ;南开大学历史系五公大队村史编写组 编 | |
| 分册: | ||
| 出版信息: | 北京 中华书局 1978 |
|
| 页数: | 144页 | |
| 开本: | 19cm | |
| 丛书名: | ||
| 单 册: | ||
| 中图分类: | I299.3 | |
| 科图分类: | ||
| 主题词: | 公社史--饶阳县 , 少数民族文学--作品集--中国 | |
| 电子资源: | ||
| ISBN: | ||
| 000 | 00787nam0 2200229 45 | |
| 001 | 0178004481 | |
| 005 | 20060911083829.48 | |
| 010 | @dCNY0.31 | |
| 091 | @a11018.746 | |
| 100 | @a19950720d1978 em y0chiy0121 ea | |
| 101 | 0 | @achi |
| 102 | @aCN@b110000 | |
| 105 | @af z 000zy | |
| 200 | 10 | @a五公人民的战斗历程@Awu gong ren min de zhan dou li cheng@f南开大学历史系五公大队村史编写组编@Fnan kai da xue li shi xi wu gong da dui cun shi bian xie zu bian |
| 210 | @a北京@c中华书局@d1978 | |
| 215 | @a144页@c照片@d19cm | |
| 606 | @a公社史@y饶阳县 | |
| 606 | 0 | @a少数民族文学@x作品集@x中国 |
| 690 | @aI299.3@v4 | |
| 711 | 0 | @a南开大学历史系五公大队村史编写组@Anan kai da xue li shi xi wu gong da dui cun shi bian xie zu@4编 |
| 801 | 0 | @aCN@bTSSF@c20060911 |
| 905 | @a10447@dI299.3@e4 | |
| 五公人民的战斗历程/南开大学历史系五公大队村史编写组编.-北京:中华书局,1978 |
| 144页:照片;19cm |
| ISBN :CNY0.31 |
| ● |
| 相关链接 |
|
|
|
|
正题名:五公人民的战斗历程
索取号:I299.3/4
 
预约/预借
| 序号 | 登录号 | 条形码 | 馆藏地/架位号 | 状态 | 备注 |
| 1 | 0001152 | 202390304 | 密集书库/ [索取号:I299.3/4] | 在馆 | |
| 2 | 0001153 | 202365877 | 密集书库/ [索取号:I299.3/4] | 在馆 | |
| 3 | 0443509 | 204435094 | 密集书库/ [索取号:I299.3/4] | 在馆 | |
| 4 | 0474461 | 204744615 | 密集书库/ [索取号:I299.3/4] | 在馆 |